000 00480nam a2200169 i 4500
001 72533
003 ES-MaACL
005 20230906171450.0
007 t|
008 040901s1976 sp ||||1| spa d
100 1 _aGittinger, J. Price.
_957351
245 1 0 _aAnalísis económico de proyectos agrícolas /
_cJ. Price Gittinger.
250 _a[1ª ed., 3ª reimp.].
260 _aMadrid :
_bTecnos,
_c[1976]
300 _a241 p. ;
_c24 cm.
852 _aES-MaACL
_jA-6681
_bR.95429
999 _c72533
_d72533